| 000 | 00612nam a2200229 a 4500 | ||
|---|---|---|---|
| 001 | nice12345678 | ||
| 003 | IN_TiNIC | ||
| 005 | 20260116011639.0 | ||
| 008 | 050524s1974 luca grp 000 0 eng | ||
| 020 |
_a _c28 |
||
| 082 | 0 | 0 |
_a297.4 _bNAD4 |
| 100 | _aNadwi, Abul Hasan Ali | ||
| 245 | _aSaviours of Islamic Script | ||
| 260 |
_aLucknow _bAcademy of Islamic _c1974 |
||
| 500 | _aincludes index and biblioraphy | ||
| 505 | 2 | _aill | |
| 505 | 2 |
_aill00 _gV1. _tSaviours of Islamic Script.-- _gV2. _tSaviours of Islamic |
|
| 650 | _aSufism-Hagiography | ||
| 902 | _bSRS | ||
| 942 | _cBK | ||
| 999 |
_c3109 _d3109 |
||